|
|
|
|
| LEADER |
00000nab a2200000 a 4500 |
| 001 |
vtls000148371 |
| 003 |
SK-MaSNL |
| 005 |
20260304144321.0 |
| 008 |
250423c1983 xo 0 slo |
| 015 |
|
|
|a SNBRB19rr/mm-uuuuu
|
| 035 |
|
|
|a CL0158478
|
| 035 |
|
|
|a urn:nbn:sk:snk-abbc5w
|
| 035 |
|
|
|a (urnnbn)urn:nbn:sk:snk:ar-000lvg
|
| 035 |
|
|
|a (uuid)0a972da6-163b-4fc4-9773-503a94185296
|
| 040 |
|
|
|a SNKBUCL
|b slo
|c SNKBUCL
|e AACR2
|
| 041 |
0 |
|
|a slo
|
| 044 |
|
|
|a xo
|c SK
|
| 080 |
|
|
|a 027.54(437)
|2 1981
|
| 080 |
|
|
|a 025.52
|2 1981
|
| 100 |
1 |
|
|a Kormúth, Dezider,
|d 1936-
|4 aut
|9 238501
|
| 245 |
1 |
0 |
|a K otázkam rešeršnej činnosti vo vedeckých knižniciach
|c Dezider Kormúth
|
| 650 |
0 |
7 |
|a vedecké knižnice
|2 snkbucl
|9 49795
|
| 650 |
0 |
7 |
|a rešeršné služby
|2 snkbucl
|9 71429
|
| 655 |
|
7 |
|a články z novín a časopisov
|2 snkbucl
|9 267496
|
| 655 |
|
7 |
|a články z odboru knihovníctvo
|2 snkbucl
|9 166141
|
| 773 |
0 |
|
|t Čitateľ
|g Roč. 32, č. 6 (1983), s. 214-216
|
| 850 |
|
|
|a Slovenská národná knižnica
|
| 852 |
|
|
|a Slovenská národná knižnica
|
| 954 |
|
|
|a odborná, vedecká literatúra pôvodná (slovenská)
|2 lita
|
| 958 |
|
|
|a article15
|
| 958 |
|
|
|a RK
|
| 958 |
|
|
|a KL
|
| 958 |
|
|
|a OND
|
| 958 |
|
|
|a EUIPO
|
| 992 |
|
|
|a RBX
|
| 999 |
|
|
|c 2930642
|d 2932572
|